[Event "BL 8081 FH Hamburg-Erlangen"]
[Site "?"]
[Date "1980.??.??"]
[Round "?.5"]
[White "Fries Nielsen, J."]
[Black "Stoll, J."]
[Result "1-0"]
[WhiteElo "2320"]
[BlackElo "2245"]
[PlyCount "123"]
[EventDate "1980.??.??"]

1. c4 c5 2. Nc3 Nf6 3. g3 d5 4. cxd5 Nxd5 5. Bg2 Nc7 6. Nf3 Nc6 7. O-O g6 8. d3
Bg7 9. Bd2 O-O 10. a3 b6 11. Rb1 a5 12. b3 Bd7 13. Ne1 Rc8 14. Nc2 Nd4 15. Ne3
Ncb5 16. Nxb5 Nxb5 17. a4 Nd4 18. Re1 Bc6 19. Nc4 Bxg2 20. Kxg2 Qd5+ 21. f3 Rc6
22. e3 Ne6 23. Qe2 Rd8 24. Red1 Qd7 25. Be1 Qb7 26. Rbc1 Rc7 27. g4 Rcd7 28.
Bg3 Rd5 29. h3 Rf8 30. Kg1 Nd8 31. Na3 Nc6 32. Nb5 Rfd8 33. Rd2 Nb4 34. Rcd1
R5d7 35. e4 Qc6 36. Qe3 Bd4 37. Nxd4 cxd4 38. Qh6 Rc8 39. h4 Qf6 40. f4 Rdc7
41. Bf2 Rd7 42. f5 Rc6 43. Kg2 Qg7 44. Qf4 Qf6 45. g5 Qd6 46. Qf3 Rc3 47. Bg3
Qc6 48. Rf1 Rxb3 49. fxg6 Qxg6 50. h5 Qg7 51. Qf5 Rd8 52. Be5 f6 53. Qe6+ Qf7
54. Qg4 Qg7 55. Kh1 Nxd3 56. Bc7 Rf8 57. Qd1 Rc3 58. gxf6 Qf7 59. Qg4+ Kh8 60.
Qg7+ Qxg7 61. fxg7+ Kxg7 62. h6+ 1-0

[Event "BL 8081 Markth'feld-FH Hamburg"]
[Site "?"]
[Date "1980.??.??"]
[Round "?.1"]
[White "Goehring, K."]
[Black "Wockenfuss, K."]
[Result "1/2-1/2"]
[WhiteElo "2285"]
[BlackElo "2380"]
[PlyCount "54"]
[EventDate "1980.??.??"]

1. d4 d5 2. c4 c6 3. cxd5 cxd5 4. Nc3 Nf6 5. Nf3 Nc6 6. Bf4 e6 7. e3 Be7 8. h3
Bd6 9. Ne5 O-O 10. Be2 Bxe5 11. Bxe5 Nxe5 12. dxe5 Nd7 13. f4 Qh4+ 14. Kf1 f6
15. exf6 Qxf6 16. g3 Nb6 17. Kg2 Bd7 18. Qd4 e5 19. Qxe5 Qxe5 20. fxe5 Rae8 21.
Rhf1 Rxf1 22. Bxf1 Rxe5 23. Kf2 Rf5+ 24. Ke2 Nc4 25. b3 Nd6 26. Bg2 Bc6 27. Rd1
Ne4 1/2-1/2

[Event "BL 8081 Markth'feld-FH Hamburg"]
[Site "?"]
[Date "1980.??.??"]
[Round "?.2"]
[White "Dankert, P."]
[Black "Meinberger, L."]
[Result "1-0"]
[WhiteElo "2365"]
[BlackElo "2230"]
[PlyCount "75"]
[EventDate "1980.??.??"]

1. d4 f5 2. Bg5 Nf6 3. Bxf6 exf6 4. e3 c6 5. Bd3 Qb6 6. b3 d5 7. Qf3 g6 8. h4
h5 9. Ne2 Be6 10. O-O Nd7 11. c4 Bh6 12. Nbc3 dxc4 13. bxc4 Qa6 14. Rfc1 Bxc4
15. Bxc4 Qxc4 16. Rab1 Qf7 17. Qg3 Nb6 18. d5 Rd8 19. dxc6 bxc6 20. Qf3 Qe6 21.
Rd1 O-O 22. Nd4 Qc4 23. Rbc1 c5 24. Nce2 Qd5 25. Qxd5+ Rxd5 26. Nc6 Rxd1+ 27.
Rxd1 Rf7 28. Nc3 Bf8 29. Rb1 Nc8 30. Rb8 Rc7 31. Nd8 Nb6 32. Ne6 Rc8 33. Rb7 c4
34. Nxf8 Kxf8 35. Rxa7 Rd8 36. Ra6 Rd6 37. Kf1 Ke7 38. Rxb6 1-0

[Event "BL 8081 Erlangen-HSK"]
[Site "?"]
[Date "1980.??.??"]
[Round "?.1"]
[White "Feustel, B."]
[Black "Chandler, M."]
[Result "1/2-1/2"]
[WhiteElo "2355"]
[BlackElo "2455"]
[PlyCount "78"]
[EventDate "1980.??.??"]

1. Nf3 Nf6 2. c4 c5 3. g3 d5 4. Bg2 Nc6 5. Na3 d4 6. d3 e5 7. O-O Bd6 8. Nc2
O-O 9. Rb1 Re8 10. Nd2 Be6 11. a3 a5 12. b3 Qd7 13. f3 h6 14. Ne4 Nxe4 15. fxe4
Be7 16. Rf2 a4 17. bxa4 Rxa4 18. Bd2 Na7 19. Rf5 Bxf5 20. exf5 Rb8 21. Bd5 Nc8
22. e4 dxe3 23. Nxe3 Bg5 24. Qh5 Ra6 25. h4 Bxe3+ 26. Bxe3 Rd6 27. Bxc5 Rxd5
28. cxd5 Qxd5 29. Bf2 Nd6 30. f6 Qxd3 31. Rd1 Qf5 32. Qxf5 Nxf5 33. fxg7 Kxg7
34. g4 Ne7 35. Rd7 Ng6 36. h5 Nf8 37. Re7 Ne6 38. Ba7 Rg8 39. Rxb7 Kf6 1/2-1/2

[Event "BL 8081 Erlangen-HSK"]
[Site "?"]
[Date "1980.??.??"]
[Round "?.2"]
[White "Kunsztowicz, U."]
[Black "Heidrich, M."]
[Result "1/2-1/2"]
[WhiteElo "2460"]
[BlackElo "2230"]
[PlyCount "42"]
[EventDate "1980.??.??"]

1. d4 d5 2. Nf3 c5 3. c4 cxd4 4. cxd5 Nf6 5. Qxd4 Qxd5 6. Nc3 Qxd4 7. Nxd4 a6
8. g3 e5 9. Nb3 Bd7 10. Bg2 Bc6 11. O-O Bb4 12. Bd2 Bxg2 13. Kxg2 Nc6 14. Rac1
O-O 15. Rfd1 Rfd8 16. a3 Be7 17. Be3 Kf8 18. Bb6 Rxd1 19. Rxd1 Bd8 20. Bc5+ Be7
21. Bb6 Bd8 1/2-1/2

[Event "BL 8081 Erlangen-HSK"]
[Site "?"]
[Date "1980.??.??"]
[Round "?.5"]
[White "Stoll, J."]
[Black "Jacoby, G."]
[Result "1-0"]
[WhiteElo "2245"]
[BlackElo "2245"]
[PlyCount "82"]
[EventDate "1980.??.??"]

1. d4 Nf6 2. Nf3 e6 3. c4 c5 4. Nc3 cxd4 5. Nxd4 Bb4 6. Ndb5 d5 7. cxd5 exd5 8.
e3 Nc6 9. a3 Bc5 10. Nxd5 O-O 11. Nxf6+ Qxf6 12. Qf3 Qe7 13. Be2 Ne5 14. Qe4 f5
15. Qd5+ Nf7 16. b4 Bb6 17. Bc4 Rd8 18. Qxf7+ Qxf7 19. Bxf7+ Kxf7 20. Bb2 a6
21. Bd4 axb5 22. Bxb6 Rd3 23. Ke2 Rdxa3 24. Rxa3 Rxa3 25. Rc1 Bd7 26. Rc7 Ke6
27. Bd4 Ra2+ 28. Ke1 g5 29. Rxb7 Bc6 30. Rg7 g4 31. h3 h5 32. hxg4 hxg4 33.
Rg6+ Kd7 34. Rf6 Bxg2 35. Rxf5 Bf3 36. Rxb5 Re2+ 37. Kf1 Rd2 38. Kg1 Rd3 39.
Kh2 Rb3 40. Rb6 Rb1 41. Bc5 Bc6 {.../51/} 1-0

[Event "BL 8081 Solingen-Mainz"]
[Site "?"]
[Date "1980.??.??"]
[Round "?.6"]
[White "Bockius, A."]
[Black "Lau, R."]
[Result "1/2-1/2"]
[WhiteElo "2235"]
[BlackElo "2405"]
[PlyCount "41"]
[EventDate "1980.??.??"]

1. Nf3 c5 2. g3 b6 3. Bg2 Bb7 4. O-O Nf6 5. d3 d5 6. b3 e6 7. Nbd2 Be7 8. e3
Nc6 9. Bb2 Qc7 10. Qe2 O-O 11. Nh4 Rac8 12. f4 b5 13. Ndf3 c4 14. Nd4 a6 15.
Nxc6 Qxc6 16. Bd4 cxd3 17. cxd3 Qc2 18. Qxc2 Rxc2 19. Rfc1 Rfc8 20. Rxc2 Rxc2
21. Nf3 1/2-1/2

[Event "BL 8081 Katernberg-Zähringen"]
[Site "?"]
[Date "1980.??.??"]
[Round "?.6"]
[White "Kiefer, G."]
[Black "Rupp, C."]
[Result "1-0"]
[WhiteElo "2240"]
[BlackElo "2260"]
[PlyCount "59"]
[EventDate "1980.??.??"]

1. e4 c5 2. Nf3 Nc6 3. d4 cxd4 4. Nxd4 Nf6 5. Nc3 d6 6. Bc4 e6 7. Be3 Be7 8.
Qe2 a6 9. O-O-O Qc7 10. Bb3 Na5 11. g4 b5 12. g5 Nxb3+ 13. axb3 Nd7 14. h4 b4
15. Na4 Nc5 16. f3 Bd7 17. Kb1 Qa5 18. h5 Rb8 19. Nxc5 dxc5 20. Qh2 Rb7 21. h6
g6 22. Qe5 Rf8 23. Ne2 Qc7 24. Qg7 Bd6 25. Rxd6 Qxd6 26. Qxh7 Bb5 27. Nf4 Rd7
28. Qg7 e5 29. Nd5 f5 30. Nf6+ 1-0

[Event "BL 8081 Mainz-Katernberg"]
[Site "?"]
[Date "1980.??.??"]
[Round "?.2"]
[White "Rosen, W."]
[Black "Werner, D."]
[Result "1-0"]
[WhiteElo "2310"]
[BlackElo "2345"]
[PlyCount "83"]
[EventDate "1980.??.??"]

1. e4 g6 2. d4 c6 3. c4 d5 4. e5 Bg7 5. Nc3 f6 6. f4 Nh6 7. cxd5 cxd5 8. Bb5+
Bd7 9. Bxd7+ Qxd7 10. Nf3 Nc6 11. Be3 Nf5 12. Bf2 fxe5 13. dxe5 e6 14. O-O O-O
15. Ne4 b6 16. Rc1 Rad8 17. Ng3 Nh6 18. Ne2 Ng4 19. h3 Nxf2 20. Rxf2 Rc8 21.
Rf1 Rfe8 22. h4 Bf8 23. h5 Bc5+ 24. Kh2 Qg7 25. Qe1 Nb4 26. Qh4 Nd3 27. Rc3
Nxb2 28. hxg6 hxg6 29. Ng5 Nc4 30. Rff3 Nd2 31. Rh3 Ne4 32. Nh7 Kf7 33. Rcf3
Rh8 34. Ng5+ Nxg5 35. fxg5+ Ke7 36. Qf4 Rxh3+ 37. gxh3 Kd7 38. Qa4+ Kd8 39. Rf6
Be7 40. Nf4 Bxf6 41. Nxe6+ Ke7 42. gxf6+ 1-0

[Event "BL 8081 Mainz-Katernberg"]
[Site "?"]
[Date "1980.??.??"]
[Round "?.6"]
[White "Rupp, C."]
[Black "Bockius, A."]
[Result "1-0"]
[WhiteElo "2260"]
[BlackElo "2235"]
[PlyCount "71"]
[EventDate "1980.??.??"]

1. Nf3 Nf6 2. g3 d5 3. Bg2 c6 4. O-O Bf5 5. b3 e6 6. Bb2 h6 7. d3 Be7 8. Nbd2
O-O 9. c4 a5 10. Re1 a4 11. e4 Bh7 12. e5 Nfd7 13. d4 Na6 14. a3 axb3 15. Qxb3
Qb6 16. cxd5 cxd5 17. Rec1 Qxb3 18. Nxb3 Nb6 19. Na5 Rfc8 20. Bf1 Na4 21. Rxc8+
Rxc8 22. Bc1 b6 23. Bxa6 Rc3 24. Bd2 Rxf3 25. Nc6 Bf8 26. Be3 Nb2 27. Be2 Be4
28. Bxf3 Bxf3 29. Bd2 Be2 30. Bb4 b5 31. Rb1 Na4 32. Bd6 Bd3 33. Rc1 Nb2 34.
Na7 Nc4 35. Nxb5 Nxe5 36. dxe5 1-0

[Event "BL 8081 Zähringen-Solingen"]
[Site "?"]
[Date "1980.??.??"]
[Round "?.6"]
[White "Lau, R."]
[Black "Kiefer, G."]
[Result "1-0"]
[WhiteElo "2405"]
[BlackElo "2240"]
[PlyCount "41"]
[EventDate "1980.??.??"]

1. d4 Nf6 2. Nf3 e6 3. c4 b6 4. a3 Bb7 5. Nc3 d5 6. cxd5 exd5 7. g3 Be7 8. Bg2
O-O 9. O-O Nbd7 10. Bg5 Ne4 11. Bxe7 Qxe7 12. Rc1 Rfe8 13. Nb5 Rec8 14. Nxc7
Rab8 15. Qd3 Ndf6 16. Na6 Rxc1 17. Rxc1 Rc8 18. Rxc8+ Bxc8 19. Ne5 h5 20. Nb4
a5 21. Nxd5 1-0

[Event "BL 8081 Delmenhorst-Bochujm"]
[Site "?"]
[Date "1980.??.??"]
[Round "?.1"]
[White "Meyer, CD."]
[Black "Borik, O."]
[Result "0-1"]
[WhiteElo "2250"]
[BlackElo "2390"]
[PlyCount "142"]
[EventDate "1980.??.??"]

1. e4 g6 2. d4 Bg7 3. Nf3 d6 4. Bc4 c5 5. dxc5 Qa5+ 6. c3 Qxc5 7. Qb3 e6 8. Be3
Qc7 9. Na3 a6 10. Qb6 Qxb6 11. Bxb6 Nf6 12. Bd3 Nbd7 13. Bd4 e5 14. Be3 d5 15.
Bc2 dxe4 16. Ng5 Ng4 17. Nxe4 Nxe3 18. Nd6+ Ke7 19. Nxc8+ Raxc8 20. fxe3 b5 21.
Ke2 Rc7 22. Bb3 Rb8 23. Rhf1 f6 24. Nc2 a5 25. e4 Bh6 26. Rf3 Bf4 27. Rh3 h6
28. Ne3 Bxe3 29. Kxe3 h5 30. g4 a4 31. Bd5 a3 32. Kd2 axb2 33. Rb1 hxg4 34.
Rh7+ Kd6 35. Rxb2 Nf8 36. Rh6 f5 37. c4 fxe4 38. Bxe4 Rxc4 39. Bxg6 Nxg6 40.
Rxg6+ Kd5 41. Ke3 Rc3+ 42. Ke2 Rc4 43. Ke3 Re4+ 44. Kd3 b4 45. Rd6+ Kxd6 46.
Kxe4 Rf8 47. Kd3 Rf4 48. Ke3 Ke6 49. Rc2 Kf5 50. Rc8 Rf3+ 51. Ke2 Rh3 52. Rf8+
Ke4 53. Rf2 Kd4 54. Ke1 Re3+ 55. Kd1 Rd3+ 56. Ke1 e4 57. Rb2 Kc3 58. Rg2 Re3+
59. Kd1 Kd4 60. Rxg4 Ra3 61. Rg8 Rxa2 62. Rd8+ Ke3 63. Rb8 Rd2+ 64. Kc1 Rxh2
65. Rxb4 Rh1+ 66. Kc2 Kf3 67. Rb8 e3 68. Rf8+ Ke2 69. Rc8 Rh4 70. Rc7 Rf4 71.
Rc8 Kf1 0-1

[Event "BL 8081 Delmenhorst-Bochum"]
[Site "?"]
[Date "1980.??.??"]
[Round "?.2"]
[White "Schussler, H."]
[Black "Juhnke, K."]
[Result "1-0"]
[WhiteElo "2445"]
[BlackElo "2305"]
[PlyCount "75"]
[EventDate "1980.??.??"]

1. d4 Nf6 2. Nf3 g6 3. c4 Bg7 4. Nc3 O-O 5. Bg5 c5 6. e3 d6 7. Be2 h6 8. Bh4 g5
9. Bg3 Nh5 10. dxc5 Nxg3 11. hxg3 dxc5 12. Qc2 e6 13. g4 Qe7 14. Nd2 Nc6 15.
Nde4 Rd8 16. Ng3 b6 17. Nh5 Bb7 18. f3 Nb4 19. Qb3 Qd6 20. Rd1 Qe7 21. Kf2 Rxd1
22. Rxd1 Rd8 23. Nxg7 Kxg7 24. a3 Rxd1 25. Qxd1 Nc6 26. Ne4 Ne5 27. Ng3 Ng6 28.
Nh5+ Kh7 29. Qa4 Ba8 30. Bd3 Kg8 31. Qc2 Ne5 32. Be4 Bxe4 33. Qxe4 f6 34. Kg3
Qd8 35. Kh3 Qf8 36. f4 Nxg4 37. Qxe6+ Qf7 38. Qxf7+ 1-0

[Event "BL 8081 Delmenhorst-Bochum"]
[Site "?"]
[Date "1980.??.??"]
[Round "?.3"]
[White "Dornieden, M."]
[Black "Budde, V."]
[Result "0-1"]
[WhiteElo "2320"]
[BlackElo "2285"]
[PlyCount "60"]
[EventDate "1980.??.??"]

1. Nf3 Nf6 2. c4 g6 3. g3 Bg7 4. Bg2 d5 5. O-O O-O 6. Na3 c6 7. d3 Nbd7 8. Qc2
e5 9. cxd5 Nxd5 10. Bd2 Qe7 11. Nc4 b6 12. a4 a5 13. Ne3 Bb7 14. Nxd5 cxd5 15.
Qc7 Rab8 16. Bh3 f5 17. Bg5 Qe6 18. Qc1 Nc5 19. Ra3 e4 20. Ne1 Qe8 21. dxe4
dxe4 22. Qc4+ Ne6 23. b4 axb4 24. Re3 Qf7 25. Bf4 Nxf4 26. Qxf7+ Rxf7 27. gxf4
Rc7 28. Ng2 Bd5 29. Rd1 b3 30. f3 b2 0-1

[Event "BL 8081 Wilmersdorf-Porz"]
[Site "?"]
[Date "1980.??.??"]
[Round "?.3"]
[White "Bilek, M."]
[Black "Schmidt, B."]
[Result "0-1"]
[WhiteElo "2225"]
[BlackElo "2375"]
[PlyCount "104"]
[EventDate "1980.??.??"]

1. d4 d5 2. Nf3 Nf6 3. Bf4 c6 4. c3 Bf5 5. e3 e6 6. Bd3 Nbd7 7. O-O Be7 8. Qc2
Bxd3 9. Qxd3 O-O 10. Nbd2 Nh5 11. Ne5 f6 12. Nxd7 Qxd7 13. Qe2 Nxf4 14. exf4
Bd6 15. Qg4 Qf7 16. Rae1 Rae8 17. Nf3 Qg6 18. Qxg6 hxg6 19. g3 Kf7 20. Re2 Re7
21. Rfe1 b6 22. Kg2 Rb8 23. Rd1 b5 24. Rc1 Rc8 25. Kf1 c5 26. dxc5 Bxc5 27. Rd2
Rec7 28. Nd4 a6 29. Re1 Bxd4 30. cxd4 Rc2 31. Ree2 Rc1+ 32. Re1 Ke7 33. Rde2
Rxe1+ 34. Kxe1 Rc4 35. Rd2 Kd6 36. Kd1 a5 37. Rd3 g5 38. fxg5 fxg5 39. f4 gxf4
40. gxf4 Rc8 41. Rh3 Rf8 42. Rh4 Rf5 43. Rg4 Rh5 44. Rxg7 Rxh2 45. Kc1 Rf2 46.
Ra7 Rxf4 47. Rxa5 b4 48. Ra6+ Ke7 49. Rb6 Rxd4 50. Kc2 e5 51. Kb3 e4 52. Rxb4
Rd2 0-1

[Event "BL 8081 Wilmersdorf-Porz"]
[Site "?"]
[Date "1980.??.??"]
[Round "?.4"]
[White "Reefschlaeger, H."]
[Black "Jahr, U."]
[Result "1-0"]
[WhiteElo "2400"]
[BlackElo "2230"]
[PlyCount "49"]
[EventDate "1980.??.??"]

1. d4 f5 2. Nc3 Nf6 3. Bg5 g6 4. h4 h6 5. Bxf6 exf6 6. e4 fxe4 7. Qg4 Rg8 8.
Qxe4+ Qe7 9. O-O-O Qxe4 10. Nxe4 Bg7 11. Re1 Kd8 12. Bc4 Rf8 13. Ne2 f5 14. Nd2
c6 15. c3 d5 16. Bd3 Bf6 17. Nf4 Rg8 18. Nf3 h5 19. Rh3 g5 20. hxg5 Bxg5 21.
Nxg5 Rxg5 22. Rxh5 Rxh5 23. Nxh5 Bd7 24. Re5 Be8 25. Ng7 1-0

[Event "BL 8081 Bochum-Wilmersdorf"]
[Site "?"]
[Date "1980.??.??"]
[Round "?.1"]
[White "Borik, O."]
[Black "Lieb, H."]
[Result "1/2-1/2"]
[WhiteElo "2390"]
[BlackElo "2285"]
[PlyCount "122"]
[EventDate "1980.??.??"]

1. d4 Nf6 2. c4 e6 3. Nf3 b6 4. g3 Bb7 5. Bg2 Be7 6. O-O d5 7. Ne5 O-O 8. Nc3
Nbd7 9. cxd5 Nxd5 10. Nxd5 exd5 11. Nd3 Nf6 12. Be3 Re8 13. Rc1 Bd6 14. Bg5 h6
15. Bxf6 Qxf6 16. e3 c6 17. Rc3 Rad8 18. Qa4 a5 19. Qb3 Bc7 20. Rfc1 Ba8 21.
Qc2 Bd6 22. a3 Qe7 23. Qa4 h5 24. b4 axb4 25. axb4 b5 26. Qb3 Bb7 27. Nc5 Bxc5
28. Rxc5 h4 29. Qb2 Qe6 30. Ra1 Ra8 31. Rcc1 Qe7 32. gxh4 Qxh4 33. Rxa8 Rxa8
34. Ra1 Qd8 35. Ra3 Rc8 36. Ra7 Rc7 37. Qa3 Re7 38. Qa5 Qd7 39. h3 g6 40. Bf3
Kg7 41. Bg4 f5 42. Bf3 Kf6 43. Qa1 Qd6 44. Qc3 Ke6 45. Kg2 Kf6 46. Qd2 Qb8 47.
Ra1 Bc8 48. Qc3 Qd6 49. Qc5 Qxc5 50. dxc5 Ke5 51. Ra8 Rc7 52. Ra1 f4 53. h4 Rh7
54. Ra8 Rc7 55. Kf1 Bh3+ 56. Ke2 Re7 57. Kd2 Bf5 58. Ra6 Rc7 59. Ra8 Bc8 60.
Kc3 fxe3 61. fxe3 Bd7 1/2-1/2

[Event "BL 8081 Bochum-Wilmersdorf"]
[Site "?"]
[Date "1980.??.??"]
[Round "?.2"]
[White "Teschner, R."]
[Black "Schussler, H."]
[Result "1/2-1/2"]
[WhiteElo "2415"]
[BlackElo "2445"]
[PlyCount "47"]
[EventDate "1980.??.??"]

1. d4 Nf6 2. c4 e6 3. Nf3 b6 4. g3 Ba6 5. Nbd2 Bb7 6. Bg2 c5 7. O-O cxd4 8.
Nxd4 Bxg2 9. Kxg2 Be7 10. b3 O-O 11. Bb2 Qc7 12. e3 Qb7+ 13. Qf3 Qxf3+ 14. Kxf3
Rc8 15. Rfd1 a6 16. a4 d6 17. h3 Nbd7 18. Ke2 h6 19. Rdc1 d5 20. cxd5 Nxd5 21.
Rxc8+ Rxc8 22. Rc1 Rxc1 23. Bxc1 Kf8 24. Nc6 1/2-1/2

[Event "BL 8081 Bochum-Wilmersdorf"]
[Site "?"]
[Date "1980.??.??"]
[Round "?.3"]
[White "Budde, V."]
[Black "Bilek, M."]
[Result "1-0"]
[WhiteElo "2285"]
[BlackElo "2225"]
[PlyCount "100"]
[EventDate "1980.??.??"]

1. e4 c6 2. d4 d5 3. exd5 cxd5 4. c4 Nf6 5. Nc3 dxc4 6. Bxc4 e6 7. Nf3 Be7 8.
O-O O-O 9. Re1 a6 10. a4 Nc6 11. Be3 Nb4 12. Ne5 Bd7 13. Bg5 Bc6 14. Nxf7 Rxf7
15. Bxe6 Kf8 16. Qb3 Nfd5 17. Bxf7 Bxg5 18. Be6 Bf6 19. Nxd5 Nxd5 20. Qh3 Nf4
21. Qxh7 Nxe6 22. Rxe6 Kf7 23. Rae1 Qd5 24. f3 Qxd4+ 25. Kh1 Qh4 26. Qf5 Rd8
27. b3 Kg8 28. R6e2 Qh6 29. f4 Rf8 30. Qe6+ Kh8 31. Re3 Qxf4 32. Rh3+ Bh4 33.
Rg1 Qf2 34. Qg4 g5 35. Rd3 Qf7 36. Rd6 Kg8 37. Qd4 Bf2 38. Qg4 Qe7 39. Rg6+ Kf7
40. Qh5 Bxg1 41. Rxc6+ Kg8 42. Rg6+ Kf7 43. Rc6+ Kg8 44. Rg6+ Kf7 45. Rxg5+ Ke6
46. Re5+ Kd7 47. Rxe7+ Kxe7 48. Kxg1 Rc8 49. Qg5+ Kd7 50. Qg7+ Kd8 1-0

[Event "BL 8081 Bochum-Wilmersdorf"]
[Site "?"]
[Date "1980.??.??"]
[Round "?.4"]
[White "Jahr, U."]
[Black "Bachmann, K."]
[Result "0-1"]
[WhiteElo "2230"]
[BlackElo "2265"]
[PlyCount "48"]
[EventDate "1980.??.??"]

1. e4 c5 2. Nf3 e6 3. d4 cxd4 4. Nxd4 Nf6 5. Nc3 d6 6. g4 h6 7. g5 hxg5 8. Bxg5
a6 9. Qd2 Be7 10. Bg2 Qc7 11. O-O-O Bd7 12. f4 Nc6 13. e5 dxe5 14. Nxc6 Bxc6
15. Bxc6+ bxc6 16. fxe5 Qxe5 17. Bxf6 Bxf6 18. Qd7+ Kf8 19. Qxc6 Rb8 20. Na4
Rh4 21. Rhe1 Qf4+ 22. Kb1 Kg8 23. c4 Rxh2 24. b3 Qf2 0-1

[Event "BL 8081 Porz-Delmenhorst"]
[Site "?"]
[Date "1980.??.??"]
[Round "?.2"]
[White "Meyer, CD."]
[Black "Hort, V."]
[Result "1-0"]
[WhiteElo "2250"]
[BlackElo "2575"]
[PlyCount "101"]
[EventDate "1980.??.??"]

1. e4 c5 2. Nf3 d6 3. Bb5+ Nd7 4. c3 Ngf6 5. Qe2 a6 6. Ba4 Qc7 7. c4 g6 8. O-O
Bg7 9. Nc3 O-O 10. d3 e6 11. Bd2 b6 12. Rab1 Bb7 13. Rfe1 Ng4 14. Bxd7 Qxd7 15.
b4 Bc6 16. bxc5 bxc5 17. h3 Ne5 18. Nxe5 Bxe5 19. Nd1 Rab8 20. Ne3 f5 21. exf5
gxf5 22. Nf1 Qg7 23. f4 Bd4+ 24. Be3 Kh8 25. Bxd4 Qxd4+ 26. Qe3 e5 27. fxe5
dxe5 28. Qxd4 cxd4 29. Rxb8 Rxb8 30. Ng3 f4 31. Nf5 Rb2 32. Rxe5 Rxg2+ 33. Kf1
Rxa2 34. Nxd4 Bg2+ 35. Ke1 Bxh3 36. Re4 Ra1+ 37. Kd2 Ra2+ 38. Ke1 Ra3 39. Ke2
Bg4+ 40. Kd2 Ra2+ 41. Kc3 Ra3+ 42. Kd2 Ra2+ 43. Kc3 Ra3+ 44. Kc2 Ra2+ 45. Kb3
Rf2 46. c5 h5 47. c6 h4 48. c7 h3 49. Ne6 Bd1+ 50. Kb4 Rb2+ 51. Kc5 1-0

[Event "BL 8081 Porz-Delmenhorst"]
[Site "?"]
[Date "1980.??.??"]
[Round "?.3"]
[White "Schmidt, B."]
[Black "Juhnke, K."]
[Result "1/2-1/2"]
[WhiteElo "2375"]
[BlackElo "2305"]
[PlyCount "46"]
[EventDate "1980.??.??"]

1. d4 Nf6 2. Nf3 g6 3. c4 Bg7 4. Nc3 d6 5. e4 O-O 6. Be2 e5 7. O-O Nc6 8. d5
Ne7 9. Ne1 Nd7 10. Nd3 f5 11. Bd2 Nf6 12. f3 f4 13. c5 g5 14. Rc1 Ng6 15. cxd6
cxd6 16. Nf2 Rf7 17. Nb5 Bf8 18. Qc2 Ne8 19. a4 Bd7 20. Qb3 h5 21. h3 Nh4 22.
Rc3 a6 23. Na3 Rb8 1/2-1/2

[Event "BL 8081 Porz-Delmenhorst"]
[Site "?"]
[Date "1980.??.??"]
[Round "?.4"]
[White "Dornieden, M."]
[Black "Reefschlaeger, H."]
[Result "1-0"]
[WhiteElo "2320"]
[BlackElo "2400"]
[PlyCount "79"]
[EventDate "1980.??.??"]

1. Nf3 Nf6 2. c4 c6 3. b3 d5 4. Bb2 Bg4 5. e3 e6 6. Be2 Nbd7 7. O-O Bd6 8. Nc3
O-O 9. Rc1 Qe7 10. Nd4 Bxe2 11. Qxe2 Ba3 12. Bxa3 Qxa3 13. cxd5 Nxd5 14. Nxd5
exd5 15. Nf5 Nf6 16. d3 a5 17. Rc2 g6 18. Nd4 Rfe8 19. Qf3 Nd7 20. Qh3 Qe7 21.
Nf3 Ne5 22. Nxe5 Qxe5 23. d4 Qd6 24. Rfc1 a4 25. Rb1 axb3 26. Rxb3 b5 27. Rbc3
b4 28. Rxc6 Rxa2 29. g3 Ra1+ 30. Kg2 Qe7 31. Qg4 b3 32. Rb2 h5 33. Qf3 Qa3 34.
Qxd5 Qxb2 35. Rxg6+ Kf8 36. Qd6+ Re7 37. Rh6 Ra6 38. Qxa6 Re6 39. Qc8+ Ke7 40.
Qc7+ 1-0

[Event "BL 8081 Bochum-HSK"]
[Site "?"]
[Date "1981.??.??"]
[Round "?.1"]
[White "Borik, O."]
[Black "Chandler, M."]
[Result "0-1"]
[WhiteElo "2390"]
[BlackElo "2455"]
[PlyCount "86"]
[EventDate "1981.??.??"]

1. d4 Nf6 2. c4 e6 3. Nf3 b6 4. Nc3 Bb4 5. Bg5 h6 6. Bxf6 Qxf6 7. Qc2 Bb7 8. a3
Bxc3+ 9. Qxc3 c5 10. Rd1 O-O 11. e3 Bxf3 12. gxf3 Qxf3 13. Rg1 Qf6 14. Bg2 Nc6
15. dxc5 Qxc3+ 16. bxc3 bxc5 17. Rxd7 Ne5 18. Rc7 Rfc8 19. Ke2 Rxc7 20. Bxa8
Nxc4 21. Ra1 Rd7 22. Ra2 Rd6 23. Be4 f5 24. Bd3 Nb6 25. e4 c4 26. Bc2 fxe4 27.
Bxe4 Na4 28. Rc2 Kf7 29. Ke3 Rd1 30. f4 Kf6 31. h4 Nc5 32. Re2 Nxe4 33. Kxe4
Rh1 34. Kd4 Rxh4 35. Kxc4 Rxf4+ 36. Kb5 g5 37. Rc2 g4 38. c4 g3 39. c5 Rf2 40.
Rc3 g2 41. Rg3 Rb2+ 42. Ka6 Rc2 43. Kxa7 h5 0-1

[Event "BL 8081 Bochum-HSK"]
[Site "?"]
[Date "1981.??.??"]
[Round "?.2"]
[White "Kunsztowicz, U."]
[Black "Budde, V."]
[Result "1/2-1/2"]
[WhiteElo "2460"]
[BlackElo "2285"]
[PlyCount "85"]
[EventDate "1981.??.??"]

1. d4 d5 2. c4 e6 3. Nc3 Nf6 4. Bg5 Be7 5. e3 Nbd7 6. Nf3 O-O 7. Rc1 c6 8. Bd3
dxc4 9. Bxc4 Nd5 10. Bxe7 Qxe7 11. O-O Nxc3 12. Rxc3 e5 13. Qc2 e4 14. Nd2 Nf6
15. Rb1 a5 16. a3 Bd7 17. Ba2 Be6 18. Bxe6 Qxe6 19. Rc5 Nd7 20. Rg5 h6 21. Rg3
Nf6 22. Rc1 Rfe8 23. Qb3 Nd5 24. Nc4 a4 25. Qd1 f6 26. Qh5 Kh8 27. Nd2 Re7 28.
Rc5 Rf8 29. Qg6 f5 30. Ra5 f4 31. Qxe6 Rxe6 32. exf4 Rxf4 33. Rxa4 Ref6 34. h3
Rxf2 35. Nxe4 Rf1+ 36. Kh2 Re6 37. Rf3 Rb1 38. Nc5 Re2 39. Ra8+ Kh7 40. Nd7 g5
41. Nf6+ Nxf6 42. Rxf6 Rbxb2 43. Raf8 1/2-1/2

[Event "BL 8081 Bochum-HSK"]
[Site "?"]
[Date "1981.??.??"]
[Round "?.3"]
[White "Bachmann, K."]
[Black "Cordes, H."]
[Result "1/2-1/2"]
[WhiteElo "2265"]
[BlackElo "2245"]
[PlyCount "56"]
[EventDate "1981.??.??"]

1. Nf3 Nf6 2. g3 d5 3. Bg2 e6 4. c4 Be7 5. O-O O-O 6. b3 c5 7. cxd5 Nxd5 8. Bb2
Nc6 9. Nc3 Nxc3 10. Bxc3 Bd7 11. Ne5 Nxe5 12. Bxe5 Qb6 13. Rc1 Rac8 14. Rc2 Bc6
15. Bh3 Qd8 16. Qa1 Qd5 17. f3 f6 18. Bb2 Bd7 19. Bg2 c4 20. bxc4 Rxc4 21. e4
Qd3 22. Rxc4 Qxc4 23. d4 Bb4 24. f4 Bd2 25. d5 exd5 26. exd5 Be3+ 27. Kh1 Rc8
28. Re1 Qd3 1/2-1/2

[Event "BL 8081 Bochum-HSK"]
[Site "?"]
[Date "1981.??.??"]
[Round "?.4"]
[White "Pokern, N."]
[Black "Wittmann, R."]
[Result "0-1"]
[WhiteElo "2270"]
[BlackElo "2320"]
[PlyCount "122"]
[EventDate "1981.??.??"]

1. d4 c5 2. d5 g6 3. Nf3 Bg7 4. e4 d6 5. Nc3 Nf6 6. Be2 O-O 7. O-O Na6 8. Re1
Nc7 9. a4 a6 10. Bg5 h6 11. Bf4 g5 12. Bg3 Nh5 13. Nd2 Nxg3 14. hxg3 Bd7 15. a5
Nb5 16. Na4 e6 17. Nb6 Rb8 18. Nxd7 Qxd7 19. Nc4 Qe7 20. c3 Rbd8 21. Bd3 Nc7
22. Bc2 Ne8 23. Qd3 e5 24. Ne3 Qf6 25. Bd1 Qg6 26. Bg4 h5 27. Bf5 Qh6 28. b4
cxb4 29. cxb4 Nc7 30. Rec1 Nb5 31. Rc4 Bf6 32. Rac1 Rb8 33. Rc8 Na7 34. Rxb8
Rxb8 35. Bd7 g4 36. Rc2 Qf8 37. Nc4 Bd8 38. Qe3 Nc8 39. Nd2 Bf6 40. Nf1 Kg7 41.
f3 Qd8 42. Bf5 Bg5 43. f4 Bf6 44. fxe5 Bxe5 45. Bxc8 Rxc8 46. Rxc8 Qxc8 47.
Qg5+ Kf8 48. Qh6+ Ke7 49. Qxh5 Qc1 50. Qh4+ Bf6 51. Qxg4 Bd4+ 52. Kh2 Qxf1 53.
Qc8 Qg1+ 54. Kh3 Qh1+ 55. Kg4 Qd1+ 56. Kg5 Bf6+ 57. Kf4 Qf1+ 58. Kg4 Qe2+ 59.
Kf4 Be5+ 60. Kg5 Qe3+ 61. Kh5 Qxg3 0-1

[Event "BL 8081 Bochum-HSK"]
[Site "?"]
[Date "1981.??.??"]
[Round "?.6"]
[White "Gruenberg, Ra"]
[Black "Paulsen, D."]
[Result "1/2-1/2"]
[WhiteElo "2260"]
[BlackElo "2240"]
[PlyCount "57"]
[EventDate "1981.??.??"]

1. c4 c5 2. Nc3 Nf6 3. Nf3 d5 4. cxd5 Nxd5 5. d4 Nxc3 6. bxc3 g6 7. e4 Bg7 8.
Be3 O-O 9. Rc1 Bg4 10. Be2 e6 11. d5 Qa5 12. Qd2 Nd7 13. c4 Qxd2+ 14. Nxd2 Bxe2
15. Kxe2 Rfe8 16. Rhe1 Rac8 17. f4 exd5 18. exd5 f5 19. Kd3 Nf6 20. Bf2 b6 21.
Rxe8+ Rxe8 22. Re1 Rxe1 23. Bxe1 Kf7 24. Nf3 Ne4 25. a4 Ke7 26. Ne5 Kd6 27.
Nf7+ Ke7 28. Ne5 Kd6 29. Nf7+ 1/2-1/2